000 01021cam a22001814a 4500
005 20250605164344.0
008 250528s ||||||||||||||||||||||||d
035 _a23787
040 _aGR-AtMCL
_bgre
_dGR-AtMCL
_eAACR2
245 1 _aMonasticism in the 21st Century./A Foucauldian Discourse Analysis Exploring the Constructions of the Phenomenon.
260 _c2017
300 _a132
520 _aIntroduction, Methodology, Design, Data Collection, Analytical Approach, Participants, Materials, Procedure, Ethics, Analysis, Constructions of Religion Through Power Relationships of Individuals Early Life, Jesus Christ as a Dominant Symbol Shaping the Construction of Religious Ideology, Monks and Nuns as Role Models who Create Religious Beliefs in Others, the Position of Religion in Monk's Lives, Challenging the Constructions of Monasticism, Characteristics of Monasticism Follow a Religious Way of Life, References.
700 1 _aChirakis Michail
_99319
942 _cDS
999 _c8724
_d8724